Statistiques concernant L'EUFA Euro et L'UEFA Nation League de Football les 2 Finaliste

Cliquez ici pour prendre le quiz!

Statistiques générales

  • Ce quiz a été pris 178 fois
  • Le résultat moyen est 14 sur 16

Statistiques - réponses

Pays% Correct
France
100%
Italie
100%
Allemagne
99%
Allemagne de l'ouest
99%
Espagne
99%
Portugal
99%
Angleterre
97%
Grèce
94%
Pays-Bas
92%
Croatie
90%
Belgique
87%
Union soviétique
79%
Danemark
78%
Yougoslavie
73%
Tchécoslovaquie
57%
République tchéque
54%

Distribution des résultats

Percentile par nombre de réponses

% des personnes avec chaque résultat

Votre développement - résultats

Vous n’avez pas pris ce quiz